Hong Kong Life Tables 1996-2029

Saved in:
Bibliographic Details
Format: Book
Language:English
Chinese
Published: Hong Kong Census and Statistics Department [2000]
Subjects:
Tags: Add Tag
No Tags, Be the first to tag this record!

MARC

LEADER 00000nam a2200000 4500
001 c123897
005 20260119104907.9
041 0 |a eng 
041 0 |a chi 
044 |a CN 
245 1 0 |a Hong Kong Life Tables 1996-2029 
264 1 |a Hong Kong  |b Census and Statistics Department  |c [2000] 
300 |a 47 s. 
610 2 0 |a Hongkong 
610 2 0 |a štatistika demografická 
610 2 0 |a populácia 
610 2 0 |a obyvateľstvo